|
|
|
|
| LEADER |
00607cam a2200193 a 4500 |
| 001 |
0000041922 |
| 005 |
19980525090000.0 |
| 040 |
|
|
|a mod
|
| 041 |
|
|
|a eng
|
| 020 |
0 |
0 |
|a 0423889109
|
| 090 |
0 |
0 |
|a 800
|b NOT
|
| 245 |
0 |
0 |
|a Notes on Peter Shaffer's The Royal hunt of the sun
|c compiled by Valerie L. Barnish
|
| 260 |
0 |
0 |
|a London
|b Methuen
|c 1975
|
| 300 |
0 |
0 |
|a 53p.
|c 22cm
|
| 440 |
0 |
0 |
|a Methuen's Study Aids
|
| 600 |
1 |
0 |
|a Shaffer
|h Peter
|y 1926-. The royal hunt of the sun
|x Examinations
|x Study guides
|
| 700 |
1 |
1 |
|a Barnish
|h Valerie L
|
| 852 |
0 |
0 |
|a 01
|
| 999 |
|
|
|a 0048852
|b KEMENTAH
|d BOOKS
|e Rujukan
|f Perpustakaan KEMENTAH
|j AVAILABLE
|q OLD
|